000 00899nmc a2200325 a 4500
003 AR-BaBNM
005 20251128211821.0
008 046020s2000 ||||||||||||||000 | spa||
020 _a84-344-2872-5
040 _cAR-BaBNM
100 1 _aMullor, Rubén
245 1 0 _aManual práctico de estadística aplicada a las ciencias sociales
250 _a1ª ed.
260 _aBarcelona
_bAriel
_c2000
300 0 _a348 p.
_btablas, gráf.
490 0 _aAriel Practicum
650 4 _aESTADISTICA APLICADA
650 4 _aMETODOS ESTADISTICOS
650 4 _aSOCIOLOGIA
650 4 _aESTADISTICAS SOCIALES
650 4 _aANALISIS ESTADISTICO
650 4 _aRECOPILACION DE DATOS
650 4 _aESTADISTICAS DESCRIPTIVAS
650 4 _aPROBABILIDAD
650 4 _aINFERENCIA ESTADISTICA
650 4 _aCIENCIAS SOCIALES
700 1 _aFajardo, María Dolores
942 _cBK
998 _cNancy
999 _c21245
_d21245